Statystyki dla Państwa importujące broń

Kliknij tutaj aby rozwiązać quiz!

Ogólne statystyki

  • Ten quiz został rozwiązany 4 612 razy
  • Średni wynik to 12 z 20

Statystyki odpowiedzi

ImportPaństwo% Poprawnych
7.55 bilStany Zjednoczone
98%
12.4 bilChiny
92%
4.07 bilJaponia
78%
33.0 bilIndie
77%
7.46 bilIrak
71%
9.85 bilKorea Południowa
69%
4.64 bilWielka Brytania
65%
11.1 bilEgipt
62%
10.1 bilPakistan
62%
7.71 bilTurcja
61%
25.4 bilArabia Saudyjska
60%
12.2 bilAustralia
60%
3.90 bilIzrael
59%
5.23 bilIndonezja
53%
11.1 bilZjednoczone
Emiraty Arabskie
45%
6.75 bilWietnam
43%
9.75 bilAlgieria
41%
4.47 bilMaroko
39%
5.62 bilKatar
37%
5.83 bilSingapur
17%

Rozkład punktacji

Percentyl według liczby udzielonych odpowiedzi

Procent ludzi z każdym wynikiem

Twoja historia wyników

Nie rozwiązałeś tego quizu